Lecciones-repaso: Derecho Registral Inmobiliario Hipotecario

Detalles Bibliográficos
Autor principal: Ortega-Vľez, Ruth E.
Formato: eBook
Lenguaje:español
Publicado: Barcelona: Editorial vLex, 2018
Materias:
Acceso en línea:Acceso restringido

MARC

LEADER 00000nam a22000007a 4500
005 20180403213924.0
007 cr|||| |||
008 180403s2018 pr |||||s|||| 00||0 spa d
035 |a 21322 
040 |a vLex 
090 |c 7652  |d 7652 
100 1 |a Ortega-Vľez, Ruth E. 
245 1 0 |a Lecciones-repaso: Derecho Registral Inmobiliario Hipotecario  |h [Recurso electrn̤ico] /  |c Ruth E. Ortega-Vľez 
256 |a Servicio en ln̕ea 
260 |a Barcelona:  |b Editorial vLex,  |c 2018 
300 |a 1 recurso electrn̤ico 
506 1 |a Disponible solo en los productos indicados  |d vLex Global  |d vLex Global (Academic Edition, excluding Law Schools)  |d vLex Global (U.S. Academic Edition, Law Schools)  |d vLex Global (U.S. Academic Edition, excluding Law Schools)  |d vLex Global (Academic Edition, Law Schools) 
650 0 4 |a Derecho Civil  |z Puerto Rico 
740 0 |a vLex Libros (Servicio en ln̕ea) 
856 4 0 |u http://vlex.com/source/derecho-registral-inmobiliario-hipotecario-21322  |z Acceso restringido 
942 |c BOOK 
999 0 |a Civil Law